000 00530nam a22002177a 4500
003 UA-OsUOA
001 53569
007 ta
008 20151030b un ||||| |||| 00| 0 ukr d
090 _a09.-050
_bС85
942 _cMG
040 _aUA-OsUOA
_bukr
_cUA-OsUOA
_dUA-OsUOA
245 _aСтрілецькі вісти
955 _a4
041 _aukr
080 _a09.-050
260 _aВінніпег
310 _a1931: Рік ІІ, ч. 5
650 7 _a0 Загальний відділ.
_2UDC
999 _c433691
_d433691